[Event "Madrid Oliver Gonzalez Memorial-B 3rd"]
[Site "Madrid"]
[Date "2012.09.09"]
[Round "9"]
[White "Garcia Hernandez, Javier"]
[Black "Martin Rodriguez, Jose Luis"]
[Result "1-0"]
[WhiteElo "1721"]
[BlackElo "1431"]
[PlyCount "65"]
[EventDate "2012.09.01"]
[EventType "swiss"]
[EventRounds "9"]
[EventCountry "ESP"]
[SourceTitle "CBM 150 Extra"]
[Source "ChessBase"]
[SourceDate "2012.10.19"]
[SourceVersion "1"]
[SourceVersionDate "2012.10.19"]
[SourceQuality "1"]

1. d4 Nf6 2. c4 e6 3. Nf3 Bb4+ 4. Bd2 Qe7 5. a3 Bxd2+ 6. Nbxd2 d5 7. e3 c5 8. cxd5 Nxd5 9. dxc5 0-0 10. Qc2 Nc6 11. Bd3 f5 12. Nb3 Kh8 13. 0-0 Bd7 14. Rfe1 Qf6 15. Rad1 Ne5 16. Nxe5 Qxe5 17. e4 fxe4 18. Bxe4 Qg5 19. Rd3 Bc6 20. Nd4 Nf4 21. Rg3 Qf6 22. Nxc6 bxc6 23. Bxc6 Rad8 24. Be4 Qd4 25. Qc3 Ne2+ 26. Rxe2 Qd1+ 27. Re1 Qd4 28. Qxd4 Rxd4 29. Rd3 Rfd8 30. Red1 e5 31. f4 Rxd3 32. Rxd3 Rxd3 33. Bxd3 1-0

[Event "Madrid Oliver Gonzalez Memorial-B 3rd"]
[Site "Madrid"]
[Date "2012.09.08"]
[Round "8"]
[White "Salgado Duarte, Pablo"]
[Black "Garcia Hernandez, Javier"]
[Result "1-0"]
[WhiteElo "1579"]
[BlackElo "1721"]
[PlyCount "125"]
[EventDate "2012.09.01"]
[EventType "swiss"]
[EventRounds "9"]
[EventCountry "ESP"]
[SourceTitle "CBM 150 Extra"]
[Source "ChessBase"]
[SourceDate "2012.10.19"]
[SourceVersion "1"]
[SourceVersionDate "2012.10.19"]
[SourceQuality "1"]

1. d4 e6 2. c4 Nf6 3. Nc3 Bb4 4. Bd2 b6 5. Nf3 Bb7 6. e3 0-0 7. Be2 d6 8. a3 Bxc3 9. Bxc3 Ne4 10. Qc2 Nxc3 11. Qxc3 Nd7 12. 0-0 Nf6 13. Nd2 Ne4 14. Nxe4 Bxe4 15. Bd3 Bxd3 16. Qxd3 Qf6 17. f4 c5 18. Rab1 cxd4 19. exd4 g6 20. b3 Rfd8 21. Rbd1 d5 22. c5 bxc5 23. dxc5 Rdc8 24. b4 a5 25. Qd4 Qxd4+ 26. Rxd4 axb4 27. axb4 Ra2 28. Rb1 Kf8 29. Rdd1 Rca8 30. Rf1 Rc2 31. Rf2 Raa2 32. Rxc2 Rxc2 33. Kf1 Ke7 34. h3 Kd7 35. g4 Rc4 36. Ke2 Rxf4 37. b5 Rc4 38. c6+ Kc8 39. Kd3 f5 40. gxf5 gxf5 41. Rg1 Rb4 42. Rg8+ Kc7 43. Rg7+ Kd8 44. Rb7 Rc4 45. Rxh7 Rc5 46. Rb7 e5 47. h4 d4 48. h5 Rc3+ 49. Kd2 Rh3 50. b6 Rh2+ 51. Kc1 Rxh5 52. Rb8+ Ke7 53. c7 Rh1+ 54. Kd2 Rh2+ 55. Ke1 Rh1+ 56. Kf2 Rh2+ 57. Kg3 Re2 58. c8Q Re3+ 59. Kf2 e4 60. Rb7+ Kf6 61. Qc6+ Ke5 62. Re7+ Kf4 63. Qh6+ 1-0

[Event "Madrid Oliver Gonzalez Memorial-B 3rd"]
[Site "Madrid"]
[Date "2012.09.01"]
[Round "1"]
[White "Garcia Hernandez, Javier"]
[Black "Quintero Torres, Pedro"]
[Result "0-1"]
[WhiteElo "1721"]
[BlackElo "2053"]
[PlyCount "74"]
[EventDate "2012.09.01"]
[EventType "swiss"]
[EventRounds "9"]
[EventCountry "ESP"]
[SourceTitle "CBM 150 Extra"]
[Source "ChessBase"]
[SourceDate "2012.10.19"]
[SourceVersion "1"]
[SourceVersionDate "2012.10.19"]
[SourceQuality "1"]

1. d4 Nf6 2. c4 g6 3. Nc3 d5 4. cxd5 Nxd5 5. e4 Nxc3 6. bxc3 Bg7 7. Bc4 0-0 8. Ne2 c5 9. 0-0 Nc6 10. Be3 cxd4 11. cxd4 Bg4 12. f3 Na5 13. Bb5 Bd7 14. Qa4 Bxb5 15. Qxb5 a6 16. Qd3 b5 17. Nc1 Nc4 18. Bf2 Rc8 19. Nb3 e6 20. Rfc1 Qd7 21. a4 Nb2 22. Qd2 Nxa4 23. Qa5 Qb7 24. Rab1 Bh6 25. Nc5 Nxc5 26. Rxc5 Rfd8 27. g3 Bf8 28. Rc3 Rxc3 29. Qxd8 b4 30. Be1 Qc7 31. Qxc7 Rxc7 32. Ra1 b3 33. Rxa6 b2 34. Rb6 Rc1 35. Rxb2 Rxe1+ 36. Kf2 Rh1 37. h4 Rh2+ 0-1

[Event "Collado Villalba op-B 29th"]
[Site "Collado Villalba"]
[Date "2012.08.30"]
[Round "7"]
[White "Movilla Calleja, David"]
[Black "Garcia Hernandez, Javier"]
[Result "1/2-1/2"]
[WhiteElo "1864"]
[BlackElo "1721"]
[PlyCount "74"]
[EventDate "2012.08.24"]
[EventType "swiss"]
[EventRounds "9"]
[EventCountry "ESP"]
[SourceTitle "CBM 150 Extra"]
[Source "ChessBase"]
[SourceDate "2012.10.19"]
[SourceVersion "1"]
[SourceVersionDate "2012.10.19"]
[SourceQuality "1"]

1. d4 d5 2. Nf3 Nf6 3. e3 Bf5 4. Bd3 Bxd3 5. Qxd3 c6 6. 0-0 e6 7. Nbd2 Bd6 8. e4 dxe4 9. Nxe4 Be7 10. Nxf6+ Bxf6 11. Qe2 Nd7 12. Be3 0-0 13. Rfd1 Qc7 14. Ng5 g6 15. Qg4 Qa5 16. Ne4 Bg7 17. Qh3 Nf6 18. Nxf6+ Bxf6 19. c3 Rfd8 20. Qf3 Bg7 21. a3 Qd5 22. Qe2 Qf5 23. Rd3 Rd5 24. h4 e5 25. Rad1 Rad8 26. R3d2 exd4 27. Bxd4 Bxd4 28. Rxd4 Rxd4 29. Rxd4 Rxd4 30. cxd4 Qd7 31. Qe5 Qd8 32. g3 f6 33. Qc5 a6 34. Kf1 Qd7 35. Kg2 Kf7 36. Kf3 Qd5+ 37. Qxd5+ cxd5 1/2-1/2

[Event "Collado Villalba op-B 29th"]
[Site "Collado Villalba"]
[Date "2012.08.25"]
[Round "2"]
[White "Garcia Hernandez, Javier"]
[Black "Leniz Martinez, Francisco"]
[Result "0-1"]
[WhiteElo "1721"]
[BlackElo "1834"]
[PlyCount "56"]
[EventDate "2012.08.24"]
[EventType "swiss"]
[EventRounds "9"]
[EventCountry "ESP"]
[SourceTitle "CBM 150 Extra"]
[Source "ChessBase"]
[SourceDate "2012.10.19"]
[SourceVersion "1"]
[SourceVersionDate "2012.10.19"]
[SourceQuality "1"]

1. d4 Nf6 2. c4 c5 3. d5 b5 4. cxb5 a6 5. bxa6 Bxa6 6. Nc3 g6 7. e4 Bxf1 8. Kxf1 d6 9. Nf3 Nbd7 10. g3 Bg7 11. Kg2 0-0 12. h3 Qa5 13. Re1 Ra7 14. e5 dxe5 15. Nxe5 Nxe5 16. Rxe5 Qa6 17. Qe2 Qb7 18. Kg1 Rb8 19. Re3 Nxd5 20. Nxd5 Qxd5 21. Rxe7 Rxe7 22. Qxe7 Bf8 23. Qe2 Bg7 24. Qd2 Qxd2 25. Bxd2 Rxb2 26. Be3 c4 27. Rd1 Rb8 28. Bd4 Rd8 0-1

[Event "Tres Cantos op 4th"]
[Site "Tres Cantos"]
[Date "2012.06.27"]
[Round "7"]
[White "Garcia Hernandez, Javier"]
[Black "Fernandez Munoz, Emiliano"]
[Result "1/2-1/2"]
[WhiteElo "1713"]
[BlackElo "2050"]
[PlyCount "50"]
[EventDate "2012.06.21"]
[EventType "swiss"]
[EventRounds "9"]
[EventCountry "ESP"]
[SourceTitle "CBM 149 Extra"]
[Source "ChessBase"]
[SourceDate "2012.08.24"]
[SourceVersion "1"]
[SourceVersionDate "2012.08.24"]
[SourceQuality "1"]

1. d4 Nf6 2. c4 e6 3. Nc3 d5 4. cxd5 exd5 5. Bg5 c6 6. e3 Bd6 7. Bd3 0-0 8. Qc2 h6 9. Bh4 Re8 10. Nge2 Nbd7 11. h3 b5 12. 0-0-0 a5 13. g4 b4 14. Na4 Ba6 15. Bxa6 Rxa6 16. Qf5 g6 17. Qd3 Ra8 18. Rdg1 c5 19. dxc5 Ne5 20. Qd1 Rc8 21. Kb1 Be7 22. Nd4 Ne4 23. Bxe7 Qxe7 24. Qe2 Nxc5 25. Nxc5 Rxc5 1/2-1/2

[Event "Madrid Oliver Gonzalez Memorial 2nd"]
[Site "Madrid"]
[Date "2011.10.11"]
[Round "4"]
[White "Garcia Hernandez, Javier"]
[Black "Perez Cameselle, Francisco Jose"]
[Result "0-1"]
[WhiteElo "1741"]
[BlackElo "1938"]
[PlyCount "66"]
[EventDate "2011.10.08"]
[EventType "swiss"]
[EventRounds "9"]
[EventCountry "ESP"]
[SourceTitle "CBM 144 Extra"]
[Source "ChessBase"]
[SourceDate "2011.10.28"]
[SourceVersion "1"]
[SourceVersionDate "2011.10.28"]
[SourceQuality "1"]

1. d4 Nf6 2. c4 c5 3. d5 e6 4. Nc3 exd5 5. cxd5 d6 6. Nf3 g6 7. g3 Bg7 8. Bg2 0-0 9. 0-0 Na6 10. Re1 Re8 11. Bg5 h6 12. Bf4 g5 13. Bc1 Bf5 14. Nd2 Nb4 15. e4 Nd3 16. Re3 Nxf2 17. Kxf2 Ng4+ 18. Ke2 Nxe3 19. Kxe3 Bxe4 20. Ndxe4 f5 21. Kd3 fxe4+ 22. Bxe4 c4+ 23. Ke3 Qb6+ 24. Kf3 Rf8+ 25. Kg4 Rae8 26. Bf5 h5+ 27. Kxh5 Rxf5 28. Qc2 Rf2 29. Qg6 Rxh2+ 30. Kg4 Qd4+ 31. Bf4 Rf8 32. Rd1 Rxf4+ 33. Kxg5 Qe5+ 0-1

[Event "Madrid Villaverde op 13th"]
[Site "Madrid"]
[Date "2010.07.03"]
[Round "6"]
[White "Takvor Mena, Samuel"]
[Black "Garcia Hernandez, Javier"]
[Result "0-1"]
[WhiteElo "1647"]
[BlackElo "1660"]
[PlyCount "98"]
[EventDate "2010.06.28"]
[EventType "swiss"]
[EventRounds "9"]
[EventCountry "ESP"]
[SourceTitle "EXT 2011"]
[Source "ChessBase"]
[SourceDate "2010.11.26"]
[SourceVersion "1"]
[SourceVersionDate "2010.11.26"]
[SourceQuality "1"]

1. e4 e6 2. d4 d5 3. exd5 exd5 4. c4 Bb4+ 5. Nc3 Qe7+ 6. Be3 dxc4 7. Bxc4 c6 8. Nf3 Nf6 9. 0-0 0-0 10. a3 Ba5 11. b4 Bc7 12. h3 Be6 13. Bd3 h6 14. Qc2 Nbd7 15. Rad1 Nb6 16. Rfe1 Nfd5 17. Nxd5 Nxd5 18. Qd2 a5 19. b5 cxb5 20. Bxb5 Qxa3 21. Ra1 Qb4 22. Qd3 Nc3 23. Bd2 Qxb5 24. Qxc3 Rfc8 25. Qa3 Qd5 26. Be3 Bxh3 27. Bxh6 Bd6 28. Qd3 Bf5 29. Qe3 gxh6 30. Qxh6 Bg6 31. Nh4 Qh5 32. Qxh5 Bxh5 33. Nf5 Bb4 34. Re3 Re8 35. Rg3+ Bg6 36. d5 Rad8 37. Rd1 Re5 38. Ne3 Kf8 39. f4 Rxe3 40. Rxe3 Bc5 41. Kf2 Re8 42. Rde1 Rxe3 43. d6 Rxe1+ 44. Kxe1 Ke8 45. g4 Bxd6 46. f5 b5 47. fxg6 fxg6 48. Kd2 Ke7 49. Kc3 Kf6 0-1

[Event "Madrid-ch Previa-B"]
[Site "Madrid"]
[Date "2009.11.21"]
[Round "7"]
[White "Garcia Hernandez, Javier"]
[Black "Molina Garcia, Francisco Javier"]
[Result "1/2-1/2"]
[WhiteElo "1640"]
[BlackElo "1842"]
[PlyCount "55"]
[EventDate "2009.11.05"]
[EventType "swiss"]
[EventRounds "9"]
[EventCountry "ESP"]
[SourceTitle "CBM 133 Extra"]
[Source "ChessBase"]
[SourceDate "2010.01.05"]
[SourceVersion "1"]
[SourceVersionDate "2010.01.05"]
[SourceQuality "1"]

1. d4 d5 2. c4 e6 3. Nc3 Nf6 4. cxd5 exd5 5. Bg5 c6 6. e3 Be7 7. Qc2 0-0 8. Bd3 h6 9. h4 Be6 10. Bxf6 Bxf6 11. g3 c5 12. Nf3 Nc6 13. dxc5 d4 14. exd4 Bg4 15. Be2 Bxf3 16. Bxf3 Nxd4 17. Qd3 Nxf3+ 18. Qxf3 Re8+ 19. Kf1 Qd2 20. Ne4 Qxb2 21. Nxf6+ Qxf6 22. Qxf6 gxf6 23. Kg2 Re5 24. Rab1 Rxc5 25. Rxb7 Ra5 26. Rd1 Rxa2 27. Rdd7 Rf8 28. Rxa7 1/2-1/2

[Event "Madrid Codes Memorial 3rd"]
[Site "Madrid"]
[Date "2009.05.10"]
[Round "4"]
[White "Garcia Hernandez, Javier"]
[Black "Lorente Manzanares, Luis Santiago"]
[Result "0-1"]
[WhiteElo "1652"]
[BlackElo "1848"]
[PlyCount "100"]
[EventDate "2009.04.05"]
[EventType "swiss"]
[EventRounds "9"]
[EventCountry "ESP"]
[SourceTitle "EXT 2010"]
[Source "ChessBase"]
[SourceDate "2010.11.25"]
[SourceVersion "1"]
[SourceVersionDate "2010.11.25"]
[SourceQuality "1"]

1. d4 Nf6 2. c4 g6 3. Nc3 d5 4. cxd5 Nxd5 5. Bd2 Bg7 6. Nf3 0-0 7. e3 c5 8. Be2 Nc6 9. 0-0 cxd4 10. exd4 Nxd4 11. Nxd4 Bxd4 12. Nxd5 Qxd5 13. Bc3 Rd8 14. Bf3 Qc5 15. Kh1 Rb8 16. Rc1 Be6 17. Bxd4 Qxd4 18. Qxd4 Rxd4 19. Rfd1 Rxd1+ 20. Rxd1 b6 21. g3 Rc8 22. Be4 Rc7 23. a3 Rd7 24. Rxd7 Bxd7 25. Kg2 Kg7 26. Kf3 Kf6 27. h4 Ke5 28. Ke3 h6 29. f4+ Kf6 30. Kd4 g5 31. fxg5+ hxg5 32. hxg5+ Kxg5 33. Ke3 f5 34. Bf3 e5 35. Bg2 f4+ 36. gxf4+ exf4+ 37. Kf2 a5 38. Bf1 Bc6 39. Be2 Kf5 40. Bc4 Ke4 41. b3 Bd5 42. Bxd5+ Kxd5 43. Kf3 Kd4 44. b4 axb4 45. axb4 Kc4 46. b5 Kxb5 47. Kxf4 Kc4 48. Ke3 Kc3 49. Ke2 Kc2 50. Ke3 b5 0-1